000 01200nam a22003377a 4500
001 T0000012
003 KOHA_MİRAKIL
005 20260207004503.0
007 ta
008 190402b2011 xx |||grm|||#0|||0|tur |
040 _aTR-BiSEU
_btur
_cTR-BiSEU
_erda
041 0 _atur
050 0 0 _aTez
_b12
100 1 _aKaya, Burak.
245 1 _aAk Parti dönemi Türkiye-AB müzakere süreci/
_cBurak Kaya ; Burak Kaya; danışman Ali Ayata.
264 1 _aBilecik :
_bBilecik Üniversitesi
_c2011
300 _aXI, 142 sayfa: tablo; 30 cm.+1 CD-ROM
336 _ametin
_btxt
_2rdacontent
337 _aaracısız
_bn
_2rdamedia
338 _acilt
_bnc
_2rdacarrier
500 _aRef. No: 400971
500 _aKaynakça var.
500 _aİngilizce Eser Adı: Period of the AK party of Turkey-EU negotiation process
502 _aTez (Yüksek Lisans) -- Bilecik Üniversitesi Sosyal Bilimler Enstitüsü Kamu Yönetimi Anabilim Dalı, Bilecik, .
650 0 _aAK Parti--Müzakere.
_9118808
650 0 _aAvrupa--Uyum paketleri.
_9118809
650 0 _aAK Party-- Negotiation.
_9118810
650 0 _aEurope--Compliance packages.
_9118811
856 4 0 _uhttp://acikkaynak.bilecik.edu.tr/xmlui/handle/11552/97
907 _aYüksek Lisans
942 _2lcc
_cTS
999 _c64563
_d64563